书目信息 |
| 题名: |
美容与化妆品
|
|
| 作者: | 相宝荣 编著 | |
| 分册: | ||
| 出版信息: | 北京 轻工业出版社 1994.08 |
|
| 页数: | 284页 | |
| 开本: | 32开 | |
| 丛书名: | ||
| 单 册: | ||
| 中图分类: | R751.01-49 | |
| 科图分类: | ||
| 主题词: | 皮肤病学 , 皮肤病 , 皮炎 | |
| 电子资源: | ||
| ISBN: | 7-5019-0192-9 | |
| 000 | 00583nam0 2200205 45 | |
| 001 | 9911301546 | |
| 005 | 19991130153709.0 | |
| 010 | @a7-5019-0192-9@d12.80 | |
| 100 | @a19991130d1994 km y0chiy0120 ea | |
| 101 | @achi | |
| 105 | @a z 000yy | |
| 200 | 1 | @a美容与化妆品@AMei Rong Yu Hua Zhuang Pin@f相宝荣 编著@FXiang Bao Rong Bian Zhu |
| 210 | @a北京@c轻工业出版社@d1994.08 | |
| 215 | @a284页@c无图表@d32开 | |
| 606 | 0 | @a皮肤病学 |
| 606 | 0 | @a皮肤病 |
| 606 | 0 | @a皮炎 |
| 690 | @aR751.01-49@v3 | |
| 801 | @aCN@bPerfectUser@c19991130 | |
| 905 | @aBZT@b45874-875@f2@dR751.01-49@e1 | |
| 美容与化妆品/相宝荣 编著.-北京:轻工业出版社,1994.08 |
| 284页:无图表;32开 |
| ISBN 7-5019-0192-9:12.80 |
| ● |
| 相关链接 |
|
|
|
正题名:美容与化妆品
索取号:R751.01-49/1
 
预约/预借
| 序号 | 登录号 | 条形码 | 馆藏地/架位号 | 状态 | 备注 |
| 1 | 45874 | 200580022 | 中心书库中库/ 中库014架A面6列2层25/ [索取号:R751.01-49/1] | 在馆 | |
| 2 | 45875 | 200580004 | 中心书库中库/ 中库015架B面1列6层29/ [索取号:R751.01-49/1] | 在馆 |